000 nam a22 a 4500
999 _c75822
_d75822
003 BLK
005 20210201110131.0
008 180408b bul|||||r ||||||| ||bul||
010 _aKNG00080244000
020 _a978-954-308-143-1
040 _aBLK
041 _aBUL
_cBUL
080 _aБалетни театри. Хореографски представления. Сценични танци. Вж и 793.32
_b792.8
_z792.8
080 _aБалетни танци (класически и модерни). Характерни танци. Вж и 78.085.5; 78.085.7; 792.8
_b793.32
_z793.32
100 1 _aWilkes, Angela
_eпърви автор
_9371557
139 _aУилкс, Анджела
_bУ 38
245 1 0 _aБалетното изкуство
_c* Анджела Уилкс; Angela Wilkes; прев. Доряна Стефанова Петрова.
257 _aGBR
260 _bПрес
_c2007
_fСофия : ИПК Родина
_aСофия
300 _a32 с.
_bс цв. ил.
_c29 см
380 _aDN
490 _aВ света на ...
_9203613
490 _aKingfisher
_9203602
500 _aОфс. изд. Ballet / Angela Wilkes. - Съдържа и Речник ; Показалец.
650 4 _aБалет
_9147951
650 4 _aХореография
_9176772
653 _aбалет
653 _aлитература за деца
653 _aдетска литература
700 1 _aУилкс, Анджела
_e*
_9370063
700 1 _aПетрова, Доряна Стефанова
_eпрев.
_9370118
852 _aЦб ІІ 14952
856 4 _qpdf
856 4 _qpdf
942 _cKNG
_n0
_03
_s1
944 _aCR
_c27.12.2007
_kЛюдмила_Стоянова
944 _aED
_c09.04.2009
999 _d75822